[Event "D18blitz"]
[Site "?"]
[Date "2020.08.27"]
[Round "9.5"]
[White "Raczykowska, Paulina"]
[Black "Kulpa, Zuzanna"]
[Result "0-1"]
[BlackElo "1490"]
[WhiteElo "1571"]
[LiveChessVersion "1.4.4"]

1. e4 {[%clk 0:03:03]} c5 {[%clk 0:03:04]} 2. Nf3 {[%clk 0:03:04]} d6
{[%clk 0:03:05]} 3. d4 {[%clk 0:03:06]} cxd4 {[%clk 0:03:06]} 4. Nxd4
{[%clk 0:03:07]} Nf6 {[%clk 0:03:07]} 5. Nc3 {[%clk 0:03:08]} a6 {[%clk 0:03:08]}
6. Nb3 {[%clk 0:03:09]} e5 {[%clk 0:03:08]} 7. Bg5 {[%clk 0:03:06]} Be6
{[%clk 0:03:03]} 8. Bxf6 {[%clk 0:02:22]} Qxf6 {[%clk 0:03:04]} 9. Nd5
{[%clk 0:02:23]} Bxd5 {[%clk 0:03:04]} 10. Qxd5 {[%clk 0:02:24]} Nc6
{[%clk 0:02:53]} 11. Na5 {[%clk 0:02:04]} Nxa5 {[%clk 0:02:40]} 12. Qxa5
{[%clk 0:02:04]} Qd8 {[%clk 0:02:26]} 13. Qa4+ {[%clk 0:01:23]} b5
{[%clk 0:02:23]} 14. Qb3 {[%clk 0:01:14]} Be7 {[%clk 0:02:11]} 15. Bd3
{[%clk 0:00:34]} O-O {[%clk 0:02:10]} 16. O-O {[%clk 0:00:34]} Qc7
{[%clk 0:01:56]} 17. a4 {[%clk 0:00:35]} bxa4 {[%clk 0:01:46]} 18. Rxa4
{[%clk 0:00:36]} Rfb8 {[%clk 0:01:45]} 19. Qa2 {[%clk 0:00:32]} Rb6
{[%clk 0:01:35]} 20. Ra1 {[%clk 0:00:31]} Qb7 {[%clk 0:01:35]} 21. b3
{[%clk 0:00:26]} Qc6 {[%clk 0:01:01]} 22. Bc4 {[%clk 0:00:21]} Ra7
{[%clk 0:00:53]} 23. Bxa6 {[%clk 0:00:05]} g6 {[%clk 0:00:39]} 24. Bc4
{[%clk 0:00:05]} Rxa4 {[%clk 0:00:38]} 25. Qxa4 {[%clk 0:00:06]} Bg5
{[%clk 0:00:35]} 26. Qxc6 {[%clk 0:00:04]} Rxc6 {[%clk 0:00:36]} 27. Ra8+
{[%clk 0:00:05]} Kg7 {[%clk 0:00:37]} 28. Ra7 {[%clk 0:00:07]} Kh6
{[%clk 0:00:21]} 29. Rxf7 {[%clk 0:00:07]} Bd2 {[%clk 0:00:20]} 30. Ra7
{[%clk 0:00:06]} Bc3 {[%clk 0:00:20]} 31. Kf1 {[%clk 0:00:08]} Bd4
{[%clk 0:00:21]} 32. Ke2 {[%clk 0:00:08]} Bxa7 {[%clk 0:00:22]} 33. f3
{[%clk 0:00:05]} Bd4 {[%clk 0:00:23]} 34. Kd3 {[%clk 0:00:06]} Kg5
{[%clk 0:00:24]} 35. c3 {[%clk 0:00:06]} Bg1 {[%clk 0:00:23]} 36. h3
{[%clk 0:00:07]} Kf4 {[%clk 0:00:24]} 37. Ke2 {[%clk 0:00:07]} Kg3
{[%clk 0:00:24]} 38. Kf1 {[%clk 0:00:07]} Ba7 {[%clk 0:00:24]} 39. Ke2
{[%clk 0:00:05]} Kxg2 {[%clk 0:00:25]} 0-1

[Event "D18blitz"]
[Site "?"]
[Date "2020.08.27"]
[Round "9.6"]
[White "Sowa, Wiktoria"]
[Black "Kucharska, Honorata"]
[Result "0-1"]
[BlackElo "2038"]
[WhiteElo "1802"]
[LiveChessVersion "1.4.4"]

1. e4 {[%clk 0:03:04]} c5 {[%clk 0:03:02]} 2. Nf3 {[%clk 0:03:04]} Nc6
{[%clk 0:03:03]} 3. Bb5 {[%clk 0:03:05]} g6 {[%clk 0:03:03]} 4. c3
{[%clk 0:03:01]} Bg7 {[%clk 0:03:00]} 5. O-O {[%clk 0:03:02]} d6 {[%clk 0:02:51]}
6. d4 {[%clk 0:02:58]} cxd4 {[%clk 0:02:52]} 7. cxd4 {[%clk 0:02:59]} a6
{[%clk 0:02:53]} 8. Be2 {[%clk 0:02:48]} Nf6 {[%clk 0:02:51]} 9. Nc3
{[%clk 0:02:49]} O-O {[%clk 0:02:51]} 10. h3 {[%clk 0:02:47]} d5 {[%clk 0:02:45]}
11. e5 {[%clk 0:02:46]} Ne4 {[%clk 0:02:46]} 12. Be3 {[%clk 0:02:43]} Nxc3
{[%clk 0:02:37]} 13. bxc3 {[%clk 0:02:44]} b5 {[%clk 0:02:19]} 14. a4
{[%clk 0:02:41]} b4 {[%clk 0:02:13]} 15. cxb4 {[%clk 0:02:35]} Nxb4 16. Qd2 a5
{[%clk 0:02:13]} 17. Bb5 {[%clk 0:02:31]} Ba6 {[%clk 0:02:11]} 18. Bxa6
{[%clk 0:02:18]} Rxa6 {[%clk 0:02:12]} 19. Rfc1 {[%clk 0:02:12]} Qd7
{[%clk 0:02:12]} 20. Rc5 {[%clk 0:02:06]} Rc8 {[%clk 0:02:03]} 21. Rac1
{[%clk 0:01:53]} Raa8 {[%clk 0:01:51]} 22. Rxc8+ {[%clk 0:00:38]} Rxc8
{[%clk 0:01:50]} 23. Bg5 {[%clk 0:00:32]} f6 {[%clk 0:01:37]} 24. exf6
{[%clk 0:00:30]} exf6 {[%clk 0:01:38]} 25. Rxc8+ {[%clk 0:00:30]} Qxc8
{[%clk 0:01:39]} 26. Bf4 {[%clk 0:00:28]} g5 {[%clk 0:01:09]} 27. Bd6
{[%clk 0:00:24]} Bf8 {[%clk 0:00:59]} 28. Bxf8 {[%clk 0:00:22]} Kxf8
{[%clk 0:00:58]} 29. Qe2 {[%clk 0:00:18]} Qc6 {[%clk 0:00:56]} 30. Kh2
{[%clk 0:00:11]} Qxa4 {[%clk 0:00:56]} 31. Qe6 {[%clk 0:00:11]} Qc6
{[%clk 0:00:57]} 32. Qf5 {[%clk 0:00:11]} Qc7+ {[%clk 0:00:55]} 33. g3
{[%clk 0:00:11]} Qf7 {[%clk 0:00:53]} 34. Qc8+ {[%clk 0:00:11]} Kg7
{[%clk 0:00:55]} 35. Qd8 {[%clk 0:00:08]} Nc6 {[%clk 0:00:50]} 36. Qb6
{[%clk 0:00:08]} Qd7 {[%clk 0:00:48]} 37. Qc5 {[%clk 0:00:09]} a4
{[%clk 0:00:48]} 38. Qa3 {[%clk 0:00:09]} Ne7 {[%clk 0:00:47]} 39. Qe3
{[%clk 0:00:07]} Nf5 {[%clk 0:00:47]} 40. Qd3 {[%clk 0:00:07]} Ne7
{[%clk 0:00:43]} 41. Qa3 {[%clk 0:00:06]} Ng6 {[%clk 0:00:44]} 42. Qd3
{[%clk 0:00:07]} Qd6 {[%clk 0:00:40]} 43. Qc2 {[%clk 0:00:06]} a3
{[%clk 0:00:40]} 44. Qb3 {[%clk 0:00:07]} Qa6 {[%clk 0:00:36]} 45. Qa2
{[%clk 0:00:06]} Qa4 {[%clk 0:00:36]} 46. Qxd5 {[%clk 0:00:04]} a2
{[%clk 0:00:37]} 47. Qb7+ {[%clk 0:00:05]} Kf8 {[%clk 0:00:29]} 48. Qc8+
{[%clk 0:00:05]} Kf7 {[%clk 0:00:27]} 49. Qc7+ {[%clk 0:00:06]} Ne7
{[%clk 0:00:27]} 50. Qd8 {[%clk 0:00:04]} a1=Q {[%clk 0:00:26]} 51. Qh8
{[%clk 0:00:04]} Qc2 {[%clk 0:00:22]} 52. Kg2 {[%clk 0:00:04]} Qcb1
{[%clk 0:00:18]} 0-1

[Event "D18blitz"]
[Site "?"]
[Date "2020.08.27"]
[Round "10.1"]
[White "Czarniecka, Aleksandra"]
[Black "Michalska, Aleksandra"]
[Result "1-0"]
[BlackElo "1688"]
[WhiteElo "1758"]
[LiveChessVersion "1.4.4"]

1. e4 e5 2. Nf3 Nc6 3. Bb5 g6 4. d4 exd4 5. Bg5 Be7 6. Bxe7 Ngxe7 7. Nxd4 O-O 8.
Nc3 d6 9. Nxc6 bxc6 10. Be2 d5 11. Qd2 f5 12. exf5 Bxf5 13. O-O-O Rb8 14. g4 Be6
15. f4 Qd6 16. f5 Bd7 17. fxg6 Nxg6 18. Rdf1 Qb4 19. b3 d4 20. Ne4 Qxd2+ 21. Kxd2
Kg7 22. Nc5 Ne5 23. Nxd7 Nxd7 24. Bf3 Ne5 25. Be4 c5 26. h3 Rbe8 27. Bd5 h6 28.
Rhg1 c6 29. Bh1 Rf6 30. Rxf6 Kxf6 31. Rf1+ Kg7 32. Rf5 Re6 33. Rf4 Ng6 34. Re4
Rf6 35. Re2 Nf4 36. Re7+ Kg6 37. Be4+ Kg5 38. Rxa7 Nxh3 39. Bf5 Nf2 40. Rg7+ Kf4
41. a4 Ne4+ 42. Bxe4 Kxe4 43. g5 hxg5 44. Rxg5 Rf2+ 45. Kc1 d3 46. Rxc5 Rf1+ 47.
Kd2 Rf2+ 48. Ke1 Re2+ 49. Kd1 Kd4 50. Rc4+ Ke3 51. cxd3 Rd2+ 52. Kc1 Rxd3 53. Kc2
Rd2+ 54. Kc3 Rd3+ 55. Kb4 Rd6 56. a5 Kd3 57. a6 c5+ 58. Kb5 Rd8 59. a7 1-0

[Event "D18blitz"]
[Site "?"]
[Date "2020.08.27"]
[Round "10.2"]
[White "Furtak, Joanna"]
[Black "Kulpa, Zuzanna"]
[Result "1-0"]
[BlackElo "1490"]
[WhiteElo "1698"]
[LiveChessVersion "1.4.4"]

1. e4 {[%clk 0:03:02]} c5 {[%clk 0:03:04]} 2. Nf3 {[%clk 0:03:03]} d6
{[%clk 0:03:05]} 3. d4 {[%clk 0:03:04]} cxd4 {[%clk 0:03:06]} 4. Nxd4
{[%clk 0:03:05]} Nf6 {[%clk 0:03:07]} 5. Nc3 {[%clk 0:03:06]} a6 {[%clk 0:03:08]}
6. g3 {[%clk 0:03:01]} e5 {[%clk 0:03:08]} 7. Nf3 {[%clk 0:03:02]} Be7
{[%clk 0:03:07]} 8. Bg2 {[%clk 0:03:03]} Be6 {[%clk 0:03:06]} 9. Nh4
{[%clk 0:03:03]} Nc6 {[%clk 0:02:47]} 10. Nf5 {[%clk 0:02:59]} Bxf5
{[%clk 0:02:38]} 11. exf5 {[%clk 0:02:59]} Qc7 {[%clk 0:02:18]} 12. Be3
{[%clk 0:02:39]} O-O {[%clk 0:02:13]} 13. O-O {[%clk 0:02:22]} Rfd8
{[%clk 0:02:04]} 14. g4 {[%clk 0:01:59]} h6 {[%clk 0:01:25]} 15. Kh1
{[%clk 0:01:59]} Qd7 {[%clk 0:01:18]} 16. f4 {[%clk 0:01:08]} exf4
{[%clk 0:01:01]} 17. Bxf4 {[%clk 0:01:08]} Ne5 {[%clk 0:01:02]} 18. h3
{[%clk 0:00:58]} Nc4 {[%clk 0:00:42]} 19. b3 {[%clk 0:00:54]} Ne5
{[%clk 0:00:41]} 20. Nd5 {[%clk 0:00:52]} Nxd5 {[%clk 0:00:32]} 21. Qxd5
{[%clk 0:00:52]} Rab8 {[%clk 0:00:11]} 22. Rad1 {[%clk 0:00:45]} Bf6
{[%clk 0:00:12]} 23. Rfe1 {[%clk 0:00:37]} Qc7 {[%clk 0:00:11]} 24. c4
{[%clk 0:00:32]} b6 {[%clk 0:00:08]} 25. Qe4 {[%clk 0:00:22]} Qc5
{[%clk 0:00:08]} 26. Rd5 {[%clk 0:00:20]} Qb4 {[%clk 0:00:06]} 27. Red1
{[%clk 0:00:20]} a5 {[%clk 0:00:05]} 28. Qe2 {[%clk 0:00:13]} Rbc8
{[%clk 0:00:05]} 29. Qd2 {[%clk 0:00:10]} Qxd2 {[%clk 0:00:06]} 30. R1xd2
{[%clk 0:00:11]} Rc5 {[%clk 0:00:06]} 31. Rxd6 {[%clk 0:00:12]} Rxd6
{[%clk 0:00:06]} 32. Rxd6 {[%clk 0:00:13]} Nc6 {[%clk 0:00:05]} 33. Rxc6
{[%clk 0:00:13]} Rxc6 {[%clk 0:00:06]} 34. Bxc6 {[%clk 0:00:14]} Kf8
{[%clk 0:00:07]} 35. Bc7 {[%clk 0:00:15]} Ke7 {[%clk 0:00:07]} 36. Bxb6
{[%clk 0:00:16]} Kd6 {[%clk 0:00:09]} 37. Bd5 {[%clk 0:00:17]} Bc3
{[%clk 0:00:09]} 38. Kg2 {[%clk 0:00:18]} f6 {[%clk 0:00:09]} 39. Kf3
{[%clk 0:00:19]} Ke5 {[%clk 0:00:09]} 40. Bc5 {[%clk 0:00:16]} Bd2
{[%clk 0:00:10]} 41. a3 {[%clk 0:00:17]} Bc1 {[%clk 0:00:10]} 42. Bf8
{[%clk 0:00:12]} h5 {[%clk 0:00:08]} 43. a4 {[%clk 0:00:12]} hxg4+
{[%clk 0:00:08]} 44. hxg4 {[%clk 0:00:13]} Bb2 {[%clk 0:00:07]} 45. Bxg7
{[%clk 0:00:13]} Bd4 {[%clk 0:00:07]} 46. g5 {[%clk 0:00:14]} Kxf5
{[%clk 0:00:07]} 47. Bxf6 {[%clk 0:00:14]} Bxf6 {[%clk 0:00:08]} 48. gxf6
{[%clk 0:00:15]} Kxf6 {[%clk 0:00:09]} 49. Ke4 {[%clk 0:00:16]} 1-0

[Event "D18blitz"]
[Site "?"]
[Date "2020.08.27"]
[Round "10.3"]
[White "Malicka, Maria"]
[Black "Kucharska, Honorata"]
[Result "1/2-1/2"]
[BlackElo "2038"]
[WhiteElo "1818"]
[LiveChessVersion "1.4.4"]

1. e4 {[%clk 0:03:03]} e6 {[%clk 0:03:03]} 2. d4 {[%clk 0:03:04]} d5
{[%clk 0:03:04]} 3. Nc3 {[%clk 0:03:06]} Nf6 {[%clk 0:03:05]} 4. Bg5
{[%clk 0:03:06]} Be7 {[%clk 0:03:06]} 5. e5 {[%clk 0:03:07]} Nfd7
{[%clk 0:03:08]} 6. h4 {[%clk 0:03:08]} h6 {[%clk 0:03:09]} 7. Be3
{[%clk 0:03:09]} a6 8. Qg4 {[%clk 0:03:05]} Bf8 {[%clk 0:02:52]} 9. f4
{[%clk 0:02:42]} h5 {[%clk 0:02:15]} 10. Qg3 {[%clk 0:02:26]} Nb6
{[%clk 0:01:51]} 11. O-O-O {[%clk 0:02:10]} Nc6 {[%clk 0:01:41]} 12. Nf3
{[%clk 0:02:08]} Ne7 {[%clk 0:01:38]} 13. Ng5 {[%clk 0:01:46]} Nf5
{[%clk 0:01:37]} 14. Qf2 {[%clk 0:01:47]} Bd7 {[%clk 0:01:19]} 15. Bd3
{[%clk 0:01:45]} Qe7 {[%clk 0:01:10]} 16. Bxf5 {[%clk 0:01:29]} exf5
{[%clk 0:01:11]} 17. Qf3 {[%clk 0:01:10]} Be6 {[%clk 0:01:04]} 18. Kb1
{[%clk 0:01:04]} O-O-O {[%clk 0:01:02]} 19. Ne2 {[%clk 0:00:57]} Nc4
{[%clk 0:00:41]} 20. Bc1 {[%clk 0:00:54]} Kb8 {[%clk 0:00:32]} 21. b3
{[%clk 0:00:32]} Nb6 {[%clk 0:00:32]} 22. Qd3 {[%clk 0:00:25]} c5
{[%clk 0:00:26]} 23. Ba3 {[%clk 0:00:20]} Qc7 {[%clk 0:00:27]} 24. Bxc5
{[%clk 0:00:18]} Bxc5 {[%clk 0:00:27]} 25. dxc5 {[%clk 0:00:19]} Qxc5
{[%clk 0:00:27]} 26. Nd4 {[%clk 0:00:19]} Qc8 {[%clk 0:00:20]} 27. Kb2
{[%clk 0:00:19]} g6 {[%clk 0:00:17]} 28. Qc3 {[%clk 0:00:19]} Qxc3+
{[%clk 0:00:17]} 29. Kxc3 {[%clk 0:00:20]} Rhe8 {[%clk 0:00:17]} 30. Kb2
{[%clk 0:00:19]} Rc8 {[%clk 0:00:18]} 31. Rd3 {[%clk 0:00:16]} Nd7
{[%clk 0:00:18]} 32. Rc3 {[%clk 0:00:16]} Rxc3 {[%clk 0:00:18]} 33. Kxc3
{[%clk 0:00:17]} Nc5 {[%clk 0:00:17]} 34. Kb2 {[%clk 0:00:11]} a5 35. Nb5
{[%clk 0:00:10]} Rd8 {[%clk 0:00:13]} 36. Nd6 {[%clk 0:00:11]} Rd7
{[%clk 0:00:11]} 37. Rd1 {[%clk 0:00:10]} b6 {[%clk 0:00:11]} 38. g3
{[%clk 0:00:06]} Nb7 {[%clk 0:00:12]} 39. Nb5 {[%clk 0:00:07]} Nc5
{[%clk 0:00:12]} 40. Nd4 {[%clk 0:00:08]} Kb7 {[%clk 0:00:11]} 41. a3
{[%clk 0:00:08]} Re7 {[%clk 0:00:11]} 42. b4 {[%clk 0:00:08]} axb4
{[%clk 0:00:11]} 43. axb4 {[%clk 0:00:10]} Na6 {[%clk 0:00:11]} 44. Kb3
{[%clk 0:00:10]} Nc7 {[%clk 0:00:11]} 45. c3 {[%clk 0:00:10]} Re8
{[%clk 0:00:10]} 46. Ra1 {[%clk 0:00:11]} Ra8 {[%clk 0:00:09]} 47. Rxa8
{[%clk 0:00:12]} Kxa8 {[%clk 0:00:10]} 48. Ka4 {[%clk 0:00:05]} Kb7
{[%clk 0:00:11]} 49. b5 {[%clk 0:00:05]} Kb8 {[%clk 0:00:10]} 50. Kb4
{[%clk 0:00:06]} Kb7 {[%clk 0:00:11]} 51. Nc6 {[%clk 0:00:07]} Kc8
{[%clk 0:00:10]} 52. Nd4 {[%clk 0:00:07]} Kd7 {[%clk 0:00:10]} 53. Ka4
{[%clk 0:00:07]} 1/2-1/2

[Event "D18blitz"]
[Site "?"]
[Date "2020.08.27"]
[Round "10.4"]
[White "Swiech, Joanna"]
[Black "Rudzinska, Michalina"]
[Result "1-0"]
[BlackElo "1804"]
[WhiteElo "1664"]
[LiveChessVersion "1.4.4"]

1. d4 {[%clk 0:03:03]} c5 {[%clk 0:03:03]} 2. d5 {[%clk 0:03:04]} e5
{[%clk 0:03:04]} 3. c4 {[%clk 0:03:04]} d6 {[%clk 0:03:05]} 4. Nc3
{[%clk 0:03:04]} Nf6 {[%clk 0:03:06]} 5. e4 {[%clk 0:03:04]} Be7 {[%clk 0:03:07]}
6. Bd3 {[%clk 0:03:03]} O-O {[%clk 0:03:06]} 7. f3 {[%clk 0:03:03]} Nbd7
{[%clk 0:03:04]} 8. Be3 {[%clk 0:03:03]} Ne8 {[%clk 0:03:03]} 9. Qd2
{[%clk 0:02:57]} g6 {[%clk 0:03:03]} 10. O-O-O {[%clk 0:02:50]} Ng7
{[%clk 0:03:00]} 11. g4 {[%clk 0:02:49]} a6 {[%clk 0:02:40]} 12. Nge2
{[%clk 0:02:36]} b5 {[%clk 0:02:35]} 13. cxb5 {[%clk 0:02:34]} axb5
{[%clk 0:02:36]} 14. Bxb5 {[%clk 0:02:31]} Ba6 {[%clk 0:02:32]} 15. Bxa6
{[%clk 0:02:20]} Rxa6 {[%clk 0:02:33]} 16. Kb1 {[%clk 0:02:16]} Nb6
{[%clk 0:02:28]} 17. Qd3 {[%clk 0:02:10]} Qa8 {[%clk 0:02:27]} 18. h4
{[%clk 0:02:03]} Rb8 {[%clk 0:02:18]} 19. Nc1 {[%clk 0:01:42]} Qb7
{[%clk 0:01:34]} 20. Rd2 {[%clk 0:01:35]} c4 {[%clk 0:01:27]} 21. Qe2
{[%clk 0:01:27]} Na4 {[%clk 0:01:28]} 22. Nxa4 {[%clk 0:01:19]} Rxa4
{[%clk 0:01:29]} 23. Rc2 {[%clk 0:01:15]} Rb4 {[%clk 0:01:19]} 24. Rh2
{[%clk 0:01:10]} Bd8 {[%clk 0:00:44]} 25. Rxc4 {[%clk 0:01:04]} Rxc4
{[%clk 0:00:28]} 26. Qxc4 {[%clk 0:01:03]} Rc8 {[%clk 0:00:29]} 27. Qb3
{[%clk 0:01:00]} Qa6 {[%clk 0:00:25]} 28. h5 {[%clk 0:00:52]} Qf1
{[%clk 0:00:18]} 29. Rc2 {[%clk 0:00:30]} Rxc2 {[%clk 0:00:11]} 30. Qxc2
{[%clk 0:00:31]} Qxf3 {[%clk 0:00:11]} 31. Qc8 {[%clk 0:00:27]} Qf6
{[%clk 0:00:06]} 32. g5 {[%clk 0:00:25]} Qe7 {[%clk 0:00:07]} 33. h6
{[%clk 0:00:25]} Ne8 {[%clk 0:00:07]} 34. a3 {[%clk 0:00:21]} Qc7
{[%clk 0:00:06]} 35. Qxc7 {[%clk 0:00:20]} Nxc7 {[%clk 0:00:06]} 36. Nb3
{[%clk 0:00:18]} f6 {[%clk 0:00:07]} 37. gxf6 {[%clk 0:00:18]} Bxf6
{[%clk 0:00:08]} 38. a4 {[%clk 0:00:17]} g5 {[%clk 0:00:08]} 39. a5
{[%clk 0:00:17]} Na6 {[%clk 0:00:08]} 40. Nd2 {[%clk 0:00:16]} g4
{[%clk 0:00:08]} 41. Nc4 {[%clk 0:00:17]} g3 {[%clk 0:00:08]} 42. Nxd6
{[%clk 0:00:17]} g2 {[%clk 0:00:05]} 43. Nf5 {[%clk 0:00:16]} Bd8
{[%clk 0:00:05]} 44. Bf2 {[%clk 0:00:12]} Bxa5 {[%clk 0:00:05]} 45. Nh4
{[%clk 0:00:12]} Nc5 {[%clk 0:00:06]} 46. Bxc5 {[%clk 0:00:10]} Bb4
{[%clk 0:00:07]} 47. Bg1 {[%clk 0:00:10]} Bd2 {[%clk 0:00:06]} 48. Nxg2
{[%clk 0:00:11]} Bxh6 {[%clk 0:00:07]} 49. b4 {[%clk 0:00:11]} Kf7
{[%clk 0:00:08]} 50. Be3 {[%clk 0:00:11]} Bf8 {[%clk 0:00:08]} 51. b5
{[%clk 0:00:11]} h5 {[%clk 0:00:08]} 52. b6 {[%clk 0:00:12]} Bd6 {[%clk 0:00:09]}
53. Nh4 {[%clk 0:00:12]} Bb8 {[%clk 0:00:09]} 54. Kc2 {[%clk 0:00:12]} Ke7
{[%clk 0:00:09]} 55. Kb3 {[%clk 0:00:13]} Kd6 {[%clk 0:00:10]} 56. Kc4
{[%clk 0:00:13]} Kd7 {[%clk 0:00:11]} 57. Kb5 {[%clk 0:00:14]} Kc8
{[%clk 0:00:12]} 58. Ka6 {[%clk 0:00:15]} Kd7 {[%clk 0:00:12]} 59. b7
{[%clk 0:00:15]} Bd6 {[%clk 0:00:11]} 60. Ba7 {[%clk 0:00:15]} 1-0

[Event "D18blitz"]
[Site "?"]
[Date "2020.08.27"]
[Round "10.5"]
[White "Jarocka, Liwia"]
[Black "Budkiewicz, Magdalena"]
[Result "1/2-1/2"]
[BlackElo "1542"]
[WhiteElo "1828"]
[LiveChessVersion "1.4.4"]

1. d4 {[%clk 0:03:04]} Nf6 {[%clk 0:03:03]} 2. Bf4 {[%clk 0:03:02]} g6
{[%clk 0:03:03]} 3. Nc3 {[%clk 0:03:02]} Bg7 {[%clk 0:03:04]} 4. e4
{[%clk 0:03:04]} d6 {[%clk 0:03:05]} 5. Qd2 {[%clk 0:03:04]} O-O {[%clk 0:03:03]}
6. O-O-O {[%clk 0:03:04]} Nbd7 {[%clk 0:03:03]} 7. Bh6 {[%clk 0:03:03]} e5
{[%clk 0:02:58]} 8. Bxg7 {[%clk 0:03:00]} Kxg7 {[%clk 0:02:59]} 9. h4
{[%clk 0:02:55]} Qe7 {[%clk 0:02:18]} 10. h5 {[%clk 0:02:24]} exd4
{[%clk 0:02:08]} 11. Qxd4 {[%clk 0:02:18]} Qe5 {[%clk 0:02:04]} 12. Qd2
{[%clk 0:01:57]} Nb6 {[%clk 0:01:26]} 13. hxg6 {[%clk 0:01:45]} fxg6
{[%clk 0:01:27]} 14. Nf3 {[%clk 0:01:42]} Qe7 {[%clk 0:01:21]} 15. Qh6+
{[%clk 0:01:27]} Kg8 {[%clk 0:01:22]} 16. Ng5 {[%clk 0:00:39]} Qg7
{[%clk 0:01:23]} 17. Qh4 {[%clk 0:00:30]} Bd7 {[%clk 0:01:04]} 18. Kb1
{[%clk 0:00:27]} Rae8 {[%clk 0:01:05]} 19. f3 {[%clk 0:00:28]} a5
{[%clk 0:00:57]} 20. Bd3 {[%clk 0:00:28]} a4 {[%clk 0:00:47]} 21. a3
{[%clk 0:00:29]} Re5 {[%clk 0:00:32]} 22. f4 {[%clk 0:00:27]} Rc5
{[%clk 0:00:29]} 23. Rde1 {[%clk 0:00:16]} Nc4 {[%clk 0:00:23]} 24. Bxc4+
{[%clk 0:00:15]} Rxc4 {[%clk 0:00:25]} 25. Nd5 {[%clk 0:00:10]} Nxd5
{[%clk 0:00:14]} 26. exd5 {[%clk 0:00:12]} h5 {[%clk 0:00:10]} 27. g3
{[%clk 0:00:13]} Rc5 {[%clk 0:00:09]} 28. Ne6 {[%clk 0:00:13]} Bxe6
{[%clk 0:00:10]} 29. dxe6 {[%clk 0:00:15]} Rb5 {[%clk 0:00:11]} 30. c3
{[%clk 0:00:09]} Qxc3 {[%clk 0:00:12]} 31. Re2 {[%clk 0:00:08]} Qd3+
{[%clk 0:00:14]} 32. Rc2 {[%clk 0:00:08]} Rc5 {[%clk 0:00:14]} 1/2-1/2

[Event "D18blitz"]
[Site "?"]
[Date "2020.08.27"]
[Round "10.6"]
[White "Kalinowska, Zuzanna"]
[Black "Jurkowska, Magdalena"]
[Result "1-0"]
[BlackElo "1351"]
[WhiteElo "1798"]
[LiveChessVersion "1.4.4"]

1. d4 {[%clk 0:03:03]} d5 {[%clk 0:03:04]} 2. c4 {[%clk 0:03:04]} e6
{[%clk 0:03:05]} 3. Nf3 {[%clk 0:03:05]} Nf6 {[%clk 0:03:06]} 4. Bg5
{[%clk 0:03:05]} Be7 {[%clk 0:03:07]} 5. e3 {[%clk 0:03:06]} h6 {[%clk 0:03:07]}
6. Bh4 {[%clk 0:03:05]} O-O {[%clk 0:03:08]} 7. Nc3 {[%clk 0:03:04]} Nbd7
{[%clk 0:03:07]} 8. cxd5 {[%clk 0:03:03]} exd5 {[%clk 0:03:08]} 9. Bd3
{[%clk 0:03:02]} c6 {[%clk 0:03:09]} 10. O-O {[%clk 0:03:01]} Ne4
{[%clk 0:03:06]} 11. Bxe7 {[%clk 0:02:40]} Qxe7 {[%clk 0:03:07]} 12. Qc2
{[%clk 0:02:39]} f5 {[%clk 0:03:08]} 13. Rab1 {[%clk 0:02:31]} Ndf6
{[%clk 0:03:04]} 14. Ne2 {[%clk 0:02:15]} Be6 {[%clk 0:02:59]} 15. b4
{[%clk 0:02:15]} Rac8 {[%clk 0:02:58]} 16. Qb2 {[%clk 0:02:09]} Bf7
{[%clk 0:02:53]} 17. Ng3 {[%clk 0:02:04]} Nxg3 {[%clk 0:02:52]} 18. hxg3
{[%clk 0:02:02]} Ne4 {[%clk 0:02:53]} 19. Ne5 {[%clk 0:02:00]} g6
{[%clk 0:02:46]} 20. b5 {[%clk 0:01:59]} cxb5 {[%clk 0:02:33]} 21. Bxe4
{[%clk 0:01:59]} fxe4 {[%clk 0:02:28]} 22. Qxb5 {[%clk 0:01:58]} b6
{[%clk 0:02:28]} 23. Rbc1 {[%clk 0:01:55]} Kg7 {[%clk 0:02:19]} 24. Rc6
{[%clk 0:01:51]} Rxc6 {[%clk 0:02:19]} 25. Qxc6 {[%clk 0:01:51]} Qe6
{[%clk 0:02:06]} 26. Qb7 {[%clk 0:01:49]} a5 {[%clk 0:01:30]} 27. Rc1
{[%clk 0:01:48]} Kg8 {[%clk 0:00:56]} 28. Rc6 {[%clk 0:01:40]} Qf5
{[%clk 0:00:56]} 29. Qxb6 {[%clk 0:01:24]} Kg7 {[%clk 0:00:48]} 30. Rc7
{[%clk 0:01:14]} Kg8 {[%clk 0:00:48]} 31. Qxa5 {[%clk 0:01:11]} Be6
{[%clk 0:00:47]} 32. Rc2 {[%clk 0:01:05]} Rb8 {[%clk 0:00:43]} 33. Qc7
{[%clk 0:00:54]} Rb1+ {[%clk 0:00:44]} 34. Rc1 {[%clk 0:00:55]} Rb2
{[%clk 0:00:37]} 35. Qd8+ {[%clk 0:00:44]} Kg7 {[%clk 0:00:38]} 36. Rc7+
{[%clk 0:00:45]} 1-0

[Event "D18blitz"]
[Site "?"]
[Date "2020.08.27"]
[Round "11.1"]
[White "Czarniecka, Aleksandra"]
[Black "Furtak, Joanna"]
[Result "1-0"]
[BlackElo "1698"]
[WhiteElo "1758"]
[LiveChessVersion "1.4.4"]

1. e4 c5 2. Nf3 Nc6 3. d4 cxd4 4. Nxd4 Qc7 5. Nc3 e6 6. Be2 Nf6 7. Be3 a6 8. O-O
Be7 9. a4 d6 10. f4 Nxd4 11. Bxd4 e5 12. Be3 b6 13. f5 Bb7 14. Bf3 Rc8 15. Qe1
Nd7 16. Qg3 O-O 17. Qh3 Nf6 18. g4 d5 19. exd5 Bc5 20. Bf2 Bxf2+ 21. Rxf2 Rfd8
22. Rd1 Qc5 23. Qg2 b5 24. g5 Ne8 25. g6 hxg6 26. fxg6 fxg6 27. Qxg6 Rd6 28. Qg2
b4 29. Ne4 Qb6 30. Nxd6 Nxd6 31. Kh1 Qe3 32. Rg1 Rc7 33. Bg4 Kh8 34. Be6 Re7 35.
Rf3 Qd4 36. Rh3+ 1-0